[Event "Wch U18"]
[Site "Mamaia"]
[Date "2022.09.10"]
[Round "5"]
[White "Rodrigue Lemieux, Shawn"]
[Black "Juhasz, Agoston"]
[Result "1-0"]
[WhiteElo "2451"]
[BlackElo "2324"]
[Annotator "John Upper"]
[PlyCount "59"]
[EventDate "2022.09.06"]
[EventType "swiss"]
[EventRounds "11"]
[EventCountry "ROU"]
[SourceTitle "Chess Canada Tactiosauru"]
[Source "CFC/John Upper"]
[SourceDate "2023.03.11"]
[SourceVersion "1"]
[SourceVersionDate "2023.03.11"]
[SourceQuality "1"]

1. e4 c5 2. Nf3 d6 3. d4 cxd4 4. Qxd4 Nc6 5. Qe3 g6 6. h3 Bg7 7. Bc4 Nf6 8. O-O
O-O 9. Rd1 b6 10. Nc3 Bb7 {[#]} 11. Qg5 $146 (11. Qf4 Rc8 12. Bb3 Na5 $1 13.
Qh4 Rc5 (13... Rxc3 $5) 14. Bg5 Qa8 15. Re1 Re8 16. Rad1 Nxb3 17. cxb3 $15 {
Demchenko,A (2654)-Vokhidov,S (2536) Chess.com, 2022 (½-½, 65)}) (11. e5 $5
Ne8 12. e6 f5 $13) 11... Qc7 12. Qh4 Nb4 13. Bb3 Na6 14. Bh6 Nc5 15. Bd5 Rad8
16. Ng5 Nh5 17. Bxg7 Kxg7 18. b4 $5 {[#]} Nd7 $2 (18... Ne6 $142 19. Nxe6+ (19.
Nb5 Qd7 $8 20. Bxb7 (20. Bxe6 Qxb5 $8 $15) 20... Nxg5 $11 (20... Qxb7 $5 $11))
(19. Bxb7 Nxg5 $11) (19. Bxe6 $2 Qxc3 $15) 19... fxe6 20. Bxe6 $2 (20. Nb5 $142
Qd7 $8 $11) 20... Qxc3 21. Qxe7+ Kh6 $1 22. Qxb7 (22. g4 Qf6 $19) 22... Qf6 $8
$19) 19. Nb5 $1 Qb8 {[%mdl 32832] [#] Critical Position White has flung his
pieces forward, but they're a bit loose, and Black threatens ...h6 then ...Nf6
consolidating with targets. What should White do?} 20. Bxf7 $5 {Bold, and not
at all bad, but not the best.} (20. Bxb7 $142 Qxb7 21. Ne6+ $3 fxe6 22. Qxe7+
Kh6 $8 (22... Kh8 23. Nxd6 $18) 23. Nxd6 $14 (23. Rxd6 $2 Rfe8 24. Qh4 g5 $1
$19)) (20. Nd4 $142 $5 Rde8 (20... h6 $4 21. Nge6+ fxe6 22. Nxe6+ Kh8 23. Bxb7
Qxb7 24. Nxd8 Rxd8 25. Rxd6 $1 $18) 21. Nf5+ $3 gxf5 $8 (21... Kg8 22. Nh6+)
22. Qxh5 Nf6 23. Qh4 h6 (23... e6 $2 24. Rd3 $18) 24. Rd3 $1 hxg5 25. Rg3 Nh7
26. Rxg5+ Nxg5 27. Qxg5+ Kh7 {White is down a R, but can force a draw or (the
computer's choice!) play for more with:} 28. Re1 $1) 20... h6 $8 (20... Rxf7 $2
21. Ne6+ Kg8 22. Nxd8 Qxd8 23. Nxd6 $1 $18) 21. Bxg6 Kxg6 $8 22. Ne6 $1 Ndf6 $8
(22... Nhf6 $2 23. Qg3+ Kf7 24. Qg7+ Kxe6 25. Nd4+ Ke5 26. Qg3+ $18 {is mating.
}) 23. Nbd4 {[#] Black has defended perfectly so far, but now blunders.} Bxe4
$4 (23... Rg8 $13) 24. Re1 $8 $18 Qb7 (24... d5 25. Nc6 $18) 25. Re3 $1 Kh7 (
25... Bxg2 26. Rg3+ $1 Nxg3 $2 27. Qxg3+ {#4}) 26. Rae1 $1 {Piling up on the B
and lining up a fork on e7.} Rg8 (26... d5 27. Nxd8 Rxd8 28. f3 $18) 27. Nxd8 {
[#]} Rxd8 (27... Rxg2+ 28. Kf1 $18) 28. Rxe4 Nxe4 29. Rxe4 {All that for just
a pawn? No: Black is shattered.} Nf6 30. Nf5 (30. Nf5 Ng8 31. Rxe7+ $18 (31.
Re6 $1 {mates.})) 1-0

[Event "Calgary International"]
[Site "Calgary"]
[Date "2022.09.21"]
[Round "1"]
[White "Dukic, Zachary"]
[Black "Panchanathan, Magesh"]
[Result "1-0"]
[WhiteElo "2218"]
[BlackElo "2470"]
[Annotator "John Upper"]
[PlyCount "97"]
[EventDate "2022.09.??"]
[EventCountry "CAN"]
[SourceTitle "Chess Canada Tactiosauru"]
[Source "CFC/John Upper"]
[SourceDate "2023.03.11"]
[SourceVersion "1"]
[SourceVersionDate "2023.03.11"]
[SourceQuality "1"]

1. e4 e5 2. Nf3 Nc6 3. Bb5 a6 4. Ba4 Nf6 5. O-O Be7 6. d3 b5 7. Bb3 d6 8. a3
O-O 9. Nc3 Nb8 (9... h6 10. Be3 Re8 11. h3 Bf8 12. a4 $6 b4 $1 13. Nd5 Na5 $13
{(½-½, 37) Navara,D (2681)-Wojtaszek,R (2696) chess24.com, 2022.}) 10. Ne2 h6
11. Ng3 {[#]} c5 $146 (11... Re8 12. c3 Bf8 13. Re1 Nbd7 14. d4 Bb7 15. Bc2 $14
{(½-½, 41) Movsesian,S (2629)-Caruana,F (2828) Chess.com, 2019.}) 12. c3 Nc6
13. h3 Re8 14. d4 Bf8 15. d5 Ne7 16. Nh2 Ng6 17. Bc2 c4 18. Ng4 Nf4 19. Nxf6+
Qxf6 20. Nh5 $1 Qh4 21. Bxf4 $8 exf4 22. Qf3 g6 23. Nxf4 Bg7 24. Ne2 Bd7 25.
Nd4 a5 26. Qd1 (26. Rad1 b4 27. Qe2 $16) 26... Qf4 27. Ne2 Qg5 28. f4 Qh4 29.
Qd2 b4 30. Rae1 Rab8 31. axb4 axb4 32. cxb4 Bxb2 33. Rb1 Bg7 34. Nd4 Ra8 35.
Nc6 {[%mdl 32832] [#] Critical Position A closed Lopez has turned into a
Benoni... so Black should sac something, right? What happens if Black plays ...
Bxh3!?} Bxh3 $5 {Extremely tempting, but not the best.} (35... Ra3 $142 36. Qe1
$1 Qxe1 $14) 36. Qf2 $1 {White is happy to give the h-pawn to secure his K:
the well-supported passed b-pawn should win any endgame.} (36. Rf3 $6 {also
concedes the pawn, but Black is still kicking after} Bg4) (36. gxh3 $4 {
loses if Black plays a string of only moves which bring both Rs into the
attack:} Ra3 $8 $19 37. Rf2 Rea8 $8 (37... Rxh3 $2 38. Rh2 Qg4+ 39. Kh1 Ra8 $11
{Black has a perpetual in his pocket.}) 38. Rh2 Rg3+ $8 39. Kh1 Raa3 $8 $19 {
and takes on h3.}) 36... Qh5 $4 (36... Qxf2+ $8 37. Rxf2 $16 {and b4-b5.}) 37.
gxh3 Ra3 38. Bd1 $1 $18 {[#] White has a tempo to bring the B to defend.} Qxh3
39. Bf3 $8 $18 Rea8 40. Qg2 Qh4 41. Qh2 Qf6 42. b5 Ra2 43. Qg3 Qc3 44. b6 Bd4+
45. Kh1 Bxb6 46. Rxb6 Ra1 47. Rbb1 Rxb1 48. Rxb1 Qe3 49. Re1 1-0

[Event "National Capital Open"]
[Site "Ottawa"]
[Date "2022.11.06"]
[Round "5.2"]
[White "Sambuev, Bator"]
[Black "Xu, Daniel"]
[Result "0-1"]
[WhiteElo "2515"]
[BlackElo "2299"]
[Annotator "John Upper"]
[PlyCount "126"]
[EventDate "2022.??.??"]
[EventType "swiss"]
[EventCountry "CAN"]
[SourceTitle "Chess Canada Tactiosauru"]
[Source "CFC/John Upper"]
[SourceDate "2023.03.11"]
[SourceVersion "1"]
[SourceVersionDate "2023.03.11"]
[SourceQuality "1"]

1. d4 Nf6 2. c4 g6 3. Nc3 Bg7 4. e4 d6 5. Nf3 O-O 6. Be2 e5 7. O-O Nc6 8. d5
Ne7 9. Ne1 Nd7 10. Be3 f5 11. f3 f4 12. Bf2 g5 13. b4 Nf6 14. c5 Ng6 15. a4 Rf7
16. c6 b6 17. a5 Rb8 18. axb6 axb6 19. g4 fxg3 20. hxg3 h5 21. Qd2 Bh6 22. Ng2
Rg7 23. Kh2 {[#]} Bh3 $3 {Threatening ...Bxg2, then ...Nf4+ or ...Nh4+.} 24.
Rh1 (24. Kxh3 $4 g4+ $19) 24... Kh7 25. Kg1 Qg8 $2 {[%mdl 32832] This allows a
very hard-to-see resource.  [#]Critical Position Can White take on h3?} (25...
Bxg2 26. Kxg2 Nh4+ 27. Kf1 g4 $13) 26. Qe1 $2 ({A: taking on h3 looks like a
blunder, but White gets fantastic play against Black's boxed-in K.} 26. Rxh3
$142 $1 g4 {The double-attack on the Q and R may be where both players stopped
calculating, but there's more here:} 27. Qxh6+ $3 Kxh6 28. fxg4 $18 {[#]
Analysis Diagram White has two Bs and a pawn for the Q; but Black's clumsy
pieces and exposed K mean he will have to give up more. The immediate threat
is winning a N with g5+ then Be3+.} h4 (28... Ne7 29. Be3+ Kh7 (29... Kg6 30.
g5 $1 Nh7 $2 31. Bxh5#) 30. Rf1 $8 Rg6 (30... Nxg4 31. Rxh5+ Kg6 32. Bxg4 $18)
31. g5 $1 Ne8 (31... Rxg5 32. Rxf6 $18) 32. Rxh5+ Kg7 33. Nh4 $18) (28... Rh7
29. g5+ Kxg5 30. Be3+ Nf4 31. gxf4+ $18) (28... Nxg4 29. Bxg4 Nf4 30. Nxf4 $8
Rxg4 31. Rxh5+ Kg7 32. Ne6+ Kg6 33. Rh3 $18 {three pieces are definitely
better than the Q here, for example:} Ra8 34. Rf1 $1 Ra3 35. Be3 $1 Rxc3 36.
Rh6#) 29. Be3+ Kh7 30. Rf1 Rf7 31. Nxh4 Nxh4 32. Rxh4+ Kg7 (32... Kg6 33. g5
Nh7 34. Bh5+ $18) 33. Bh6+ Kh8 (33... Kg6 34. g5 $18) 34. g5 (34. Bf8+ $4 Nh7
$13) 34... Nh7 35. Rxf7 Qxf7 36. Bh5 {Black has no safe squares on the f-file!}
Qe7 37. Bg4 $18 {and Bf5 or Be6.}) 26... g4 $1 $13 27. fxg4 Bxg4 28. Bxg4 Nxg4
29. Rxh5 Rf8 $8 {[#]} 30. Ra2 (30. Be3 Nxe3 31. Qxe3 Nf4 $8 32. Rxh6+ $8 Kxh6
33. Kf2 $8 Rg5 $13 (33... Rxg3 $4 34. Rh1+ $18)) 30... Rf3 31. Rf5 Rd3 $13 32.
Ne2 Ne7 $1 33. Qb1 $8 (33. Nh4 Nxf5 34. Nxf5 Rf7 35. Ra7 Qg6 $18) 33... Nxf5
34. Qxd3 Ne7 {[#]} 35. Nh4 Qf7 36. Nc3 Qh5 37. Be1 $2 Be3+ $19 38. Kh1 (38. Kf1
Ng6 $19) 38... Ng6 39. Qf1 Nxh4 $19 40. gxh4 (40. Qh3 Nh6 $1 41. Qxh4 (41. g4)
(41. gxh4 Rg1+ 42. Kh2 Ng4+ $19) 41... Qf3+ 42. Rg2 Qf1+ $19) 40... Rf7 $1 41.
Qh3 Bf2 $1 42. Bd2 {[%mdl 32832] [#]Critical Position Can Black play ...Bxh4,
or does it alllow Be1 saving White?} (42. Bxf2 Nxf2+ 43. Rxf2 Rxf2 44. Qd7+ Rf7
$19) 42... Bxh4 $1 (42... Qxh4 $4 43. Qxh4+ Bxh4 44. Kg2 $16) 43. Be1 Rf1+ $8
$19 {Forking the K and B deflects the Q.} 44. Qxf1 Bxe1+ 45. Kg1 Bxc3 $19 {
Black has two minors for the R and a strong attack, so White must trade queens.
} 46. Qf5+ Qxf5 47. exf5 Nf6 $1 {[#] So Nxd5 will defend his only weakness on
c7.} 48. b5 Nxd5 49. Kg2 e4 50. Ra4 Bb4 51. Ra8 Kg7 52. Re8 e3 53. Kf3 Bd2 54.
Rc8 Kf6 55. Rf8+ Ke5 56. Rf7 Kd4 57. f6 Ke5 $1 58. Ke2 Ke6 59. Rh7 Kxf6 60. Kf3
Ke5 61. Ke2 Kd4 62. Rh4+ Kc3 63. Rg4 Kc2 0-1

[Event "Fall 2022 GM/IM Norm Invitational"]
[Site "ChessStream"]
[Date "2022.11.18"]
[Round "2"]
[White "Sethuraman, Sandeep"]
[Black "Gedajlovic, Max"]
[Result "0-1"]
[WhiteElo "2371"]
[BlackElo "2317"]
[Annotator "John Upper"]
[PlyCount "136"]
[EventDate "2022.??.??"]
[EventType "team-tourn"]
[SourceTitle "Chess Canada Tactiosauru"]
[Source "CFC/John Upper"]
[SourceDate "2023.03.11"]
[SourceVersion "1"]
[SourceVersionDate "2023.03.11"]
[SourceQuality "1"]

{[%mdl 8192]} 1. d4 Nf6 2. c4 e6 3. Nc3 Bb4 4. Qc2 d6 5. f3 $6 c5 $1 {The
standard counter in QP openings when White gets ambitious with f3 and e4.} 6.
dxc5 Bxc5 7. Nh3 Nc6 8. Bg5 h6 9. Bh4 Qa5 10. O-O-O {[#]} Bd7 $6 (10... Nb4 $1
{and Black's minors dance on the center squares White hoped to own:} 11. Qa4+ (
11. Qb3 Be3+ 12. Kb1 Qf5+ $19) (11. Qb1 $2 Be3+ $19) (11. Qd2 Nxa2+ $19) 11...
Qxa4 12. Nxa4 Be3+ $1 13. Kb1 e5 {threat ...Bf5+} 14. g4 h5 15. Bg5 Bxg5 16.
Nxg5 hxg4 $19) 11. Bf2 Rc8 (11... d5 $1) 12. Kb1 d5 13. Bxc5 Qxc5 14. cxd5 exd5
15. e4 dxe4 16. fxe4 (16. Nxe4 Qxc2+ 17. Kxc2 Nxe4 18. fxe4 Bxh3 19. gxh3 Ke7
$17) 16... O-O {Black has more development and a better pawn structure and a
slightly safer K.} 17. Qf2 Qa5 18. Nf4 {[%mdl 32832] [#] What's better: ...
Nxe4 or ...Nb4? (tricky)} Nxe4 $6 {[%mdl 512]} (18... Nb4 $142 19. a3 Rxc3 $8
20. bxc3 {I'd bet both of them saw this, but the following tactics are very
unusual:} Nxe4 $8 21. Qb2 Nc2 22. Rxd7 (22. Qxc2 Nxc3+ 23. Kb2 Nxd1+ 24. Qxd1
Rd8 25. Nd3 Be6 $19) 22... Nxa3+ 23. Kc1 Qf5 24. Qxa3 Qxd7 25. Bd3 (25. Nd3 Rc8
$19) 25... Nf2 $8 26. Bh7+ $1 Kxh7 27. Qxf8 Qf5 $19 {White's R and N are both
hanging, so Black will come out ahead in material, but White's K is also
fatally exposed.}) 19. Nxe4 $8 Bf5 20. Qe1 $4 (20. Bd3 $8 Nb4 $8 (20... Rfd8 $2
21. Qe1 $1 $18 Nb4 22. a3 $8 $18) 21. Nc3 $8 Rxc3 $6 (21... Rc4 $5 $15) (21...
Rfd8 $15) 22. bxc3 {the Q defends a2} Nxd3 23. Nxd3 Rd8 $13) 20... Rfe8 $17 (
20... Qa4 $142 $1 $19 21. Bd3 Nb4 $8 22. Nc3 Rxc3 23. Qxc3 (23. bxc3 Bxd3+ {
and Q mates on c2.}) 23... Qxa2+ 24. Kc1 Nxd3+ 25. Nxd3 Rc8 $19) 21. Bd3 Qe5
22. Rf1 Bxe4 23. Bxe4 Qxe4+ 24. Qxe4 Rxe4 {[#]} 25. Rd3 (25. Rd7 Ne5 $1 26.
Rxb7 {leads to a neat winning sequence based on the overloaded Rf1, which must
defend the N and the back rank:} Nc4 $19 {threat ...Nd2 fork} 27. Rd7 (27. Rf2
Nd2+ 28. Rxd2 Re1+ $19) 27... Ne3 28. Rf2 (28. Re1 Rxf4 29. Rxe3 $2 Rf1+ {mates
}) 28... Ng4 29. Rf1 Nxh2 {and the back-rank mate threats win a piece!}) 25...
Rd8 $5 {Converting the pawn advantage should be easier if White has no chance
to coordinate his Rs, so Black is happier to trade one pair...} 26. Rg3 {
... than White.} Ne5 27. Rc3 (27. Nh5 Rg4) 27... Nc4 28. Kc1 Nd2 $1 29. Rd1
Rxf4 30. Rxd2 {[#]} Rf1+ $1 {30...Rxd2 is not the same: it allows White to
insert Rc8+ before taking on d2, and so his K can come up to c3, instead of
being cut off on the back rank.} (30... Rxd2 31. Rc8+ Kh7 32. Kxd2 Rf2+ 33. Kc3
Rxg2 $19 {it's still a win, but it's better technique to keep every advantage,
even in a winning position.}) 31. Kc2 Rxd2+ 32. Kxd2 Rf2+ {[%mdl 4096]} 33. Kc1
Rxg2 34. Rc8+ Kh7 35. Rc7 f5 36. Rxb7 Kg6 37. Rxa7 f4 38. Kd1 Rxb2 39. h4 Rh2
40. a4 Rxh4 41. a5 Rh2 42. a6 Ra2 $1 {[#] The rest is completely unnecessary.}
43. Ra8 Kh5 44. a7 g5 45. Ke1 g4 46. Kf1 f3 47. Ke1 g3 48. Rf8 Ra1+ (48... g2 {
is faster, FWIW.}) 49. Kd2 g2 50. Rg8 f2 51. a8=Q Rxa8 52. Rxa8 f1=Q 53. Ra5+
Kg6 54. Rc5 Qf2+ {I can't imagine a good reason White played on here.} 55. Kd3
Qxc5 56. Ke4 Qf5+ 57. Kd4 g1=B+ $5 {Playing with his food.} 58. Kc4 Qe4+ 59.
Kc3 Bd4+ 60. Kc4 Be5+ 61. Kc5 Qd4+ 62. Kb5 h5 $1 63. Kc6 h4 64. Kb5 h3 65. Kc6
h2 66. Kb7 h1=R $1 67. Kc6 Rc1+ 68. Kb7 Qb2+ {There are still stalemate
possibilities... perhaps Black overstepped the time limit here?} 0-1

[Event "Maplewood"]
[Site "Waterloo"]
[Date "2022.11.18"]
[Round "8"]
[White "Rodrigue Lemieux, Shawn"]
[Black "Bosiocic, Marin"]
[Result "0-1"]
[WhiteElo "2465"]
[BlackElo "2536"]
[Annotator "John Upper"]
[PlyCount "44"]
[EventDate "2022.??.??"]
[EventType "tourn"]
[EventCountry "CAN"]
[SourceTitle "Chess Canada Tactiosauru"]
[Source "CFC/John Upper"]
[SourceDate "2023.03.11"]
[SourceVersion "1"]
[SourceVersionDate "2023.03.11"]
[SourceQuality "1"]

1. e4 c5 2. Nf3 Nc6 3. Bb5 e6 4. Bxc6 bxc6 5. b3 f6 6. O-O Ne7 7. Re1 Ng6 8.
Ba3 e5 9. Nc3 Be7 10. Na4 d6 11. c3 Bg4 12. h3 Be6 13. d4 Qc8 14. dxc5 d5 $8
$36 {[%mdl 32768] Shutting the B and N on the a-file. [#] Critical Position
Take on d5 or stabilize with Qc2?} 15. Qc2 $2 {[%mdl 32960] After removing a
defender from the Nf3 White quickly succumbs to a precisely executed caveman
attack. Even with best play Black has more than enough compensation for the
pawn in White's sad-looking queenside minors.} (15. exd5 $142 cxd5 (15... Bxd5
$44) 16. b4 Nf4 $6 (16... O-O $142 $15) 17. Bc1 $14 {[#] Analysis Diagram} Nxg2
$5 {This is still good, but here it doesn't win like it did in the game,
because after:} 18. Kxg2 Bxh3+ 19. Kh1 $8 Qg4 {the Qd1 defends Nf3, so this is
not the double threat (mate on g2 or taking the Nf3) it was in the game. Here,
White escapes with:} 20. Rg1 Qh5 $2 (20... Qe4 $142 21. Rg3 Bg4 $14) 21. Nh2 $8
$18 {this is why the K retreated to h1: to block and coordinate with Nh2.})
15... Nf4 $17 16. Bc1 $6 {Immediately threatening to take the N forces Black
to be accurate, but he is.} (16. Re3 $142 {Defends Nf3 and allows Ne1,
guarding g2 if necessary..} O-O $17 17. Nb2 $140 $2 Bxh3 $1 $19) (16. Nh2 $142
dxe4 17. Rxe4 (17. Qxe4 $2 Bd5 {g2 falls.}) (17. Re3 $2 f5 {Black's center
rules.}) 17... Bf5 $17 {White will have a pawn for the exchange, but it's not
enough.} (17... Bd5 $2 18. Rxf4 $1 $15 {followed by c4 and White's a long way
from lost.})) (16. b4) 16... Nxg2 $8 $19 (16... Bxh3 $4 17. Bxf4 $18) 17. Kxg2
Bxh3+ 18. Kh2 Qg4 19. Rg1 {[#]} Qh5 $8 (19... Qxf3 $2 20. Rg3 Qxe4 21. Qxe4
dxe4 22. Rxh3 $14) 20. Rg3 Bf5+ $8 $19 (20... Bg4+ 21. Kg2 f5 $1 22. Nxe5 Bh4
$15) 21. Kg1 (21. Kg2 {guards h3, but loses after} Bxe4 22. Qe2 g5 $8 $19 (
22... f5 23. Rh3 Qg4+ 24. Rg3 h5 $3 $15 {is another bonkers computer
continuation.}) 23. Kg1 (23. Rh3 Qg6) 23... f5 $1 24. Bxg5 f4 $19) 21... Bxe4 {
Forks Qc2 and Nf3.} 22. Qe2 f5 $1 {There's no good defence to ...f4, removing
the guard on f3. Probably Shawn's worst loss of 2022, or maybe of 2012-2022.}
0-1

[Event "NA U20 Championship"]
[Site "Mexico City"]
[Date "2022.12.03"]
[Round "3"]
[White "Montes Orozco, Miguel Angel"]
[Black "Hua, Eugene"]
[Result "0-1"]
[WhiteElo "2068"]
[BlackElo "2268"]
[Annotator "John Upper"]
[PlyCount "142"]
[EventDate "2022.??.??"]
[EventType "game"]
[EventCountry "MEX"]
[SourceTitle "Chess Canada Tactiosauru"]
[Source "CFC/John Upper"]
[SourceDate "2023.03.11"]
[SourceVersion "1"]
[SourceVersionDate "2023.03.11"]
[SourceQuality "1"]

{[%mdl 8192]} 1. d4 Nf6 2. Nf3 e6 3. c4 b6 4. g3 Bb7 5. Bg2 Be7 6. O-O O-O 7.
Nc3 Ne4 8. Bd2 Nxd2 9. Qxd2 d6 10. Qc2 g6 11. Rad1 Nd7 12. e4 Bf6 {[#]} 13. e5
Bg7 14. Rfe1 a6 15. Qb3 Qc8 16. exd6 cxd6 17. d5 e5 18. Bh3 Qc7 19. Bxd7 Qxd7
20. Qxb6 Rab8 21. Qe3 Rbc8 22. b3 f5 23. Qe2 (23. Ng5 $1) 23... Rce8 24. Ng5 e4
25. Qc2 Bf6 26. Ne6 Rf7 27. Qd2 Bc8 28. Ne2 Qe7 29. h4 Be5 30. N2d4 Bxe6 31.
Nxe6 {[#]} f4 32. Rxe4 $1 fxg3 33. fxg3 Bxg3 34. Qg5 $1 Qa7+ (34... Qxg5 35.
hxg5 Bf2+ 36. Kg2 Bb6 37. Rf1 $18) 35. c5 Bf2+ 36. Kg2 $1 dxc5 37. Rf1 (37. h5
Rf5 38. Qg4 Rxh5 39. Kxf2 $18) 37... Bd4 38. Rxf7 Qxf7 39. Rf4 Qd7 (39... Be3
40. Rxf7 Bxg5 41. Rg7+ Kh8 42. hxg5 Rxe6 43. Rxh7+ $18) 40. Rf3 Qb5 $2 (40...
Qd6 $16) 41. Qd2 (41. Qf4 $1 $18) 41... Qd7 42. Qf4 Bg7 43. h5 $1 Qe7 44. Qg4
g5 45. Qf5 Qd7 46. Qxg5 Kh8 47. Rg3 Ba1 48. Rf3 Qb5 (48... Rg8 $4 49. Qxg8+
Kxg8 50. Rf8#) 49. Rf2 Qd3 {[%mdl 41024] [#] Critical Position: Time trouble.
Both Kings exposed. A perfect recipee for chess nightmares.} 50. Kh2 $2 (50. h6
$8 $18 c4 $2 {shows White's threat:} (50... Qe4+ 51. Kg1 Qe5 {saves the K, but}
(51... Bd4 $2 52. Qg7+ $1 $18 {as in the main variation.}) 52. Qxe5+ Bxe5 53.
Rf5 $18 {is a hopeless endgame.}) (50... Rg8 $2 51. Qxg8+ Kxg8 52. Rf8#) (50...
Qg6 51. Qxg6 hxg6 52. Ng5 $1 $18 ({even} 52. d6 $18)) 51. Qg7+ Bxg7 52. hxg7+
Kg8 53. Rf8+ Rxf8 54. gxf8=R#) 50... Qe4 $8 51. Rf5 (51. h6 Be5+ $8 52. Kg1
Qe1+ 53. Rf1 Qc3 $14) 51... Qc2+ $8 $11 52. Kg3 Qd3+ 53. Rf3 Qd1 $1 54. h6 Qg1+
$8 {[#]} 55. Kf4 (55. Kh4 Qh2+ 56. Kg4 $8 (56. Rh3 $4 Qf2+ $8 57. Qg3 (57. Rg3
Bf6 $19) 57... Bf6+ 58. Kh5 Qf5+ $19) 56... Qg2+ $11) 55... Qh2+ $4 (55... Qc1+
$11) (55... Qe1 $11) 56. Ke3 $8 $18 (56. Ke4 Qc2+ $11) 56... Qd6 (56... Bd4+
57. Kd3 $18 Qe5 58. Qxe5+ Bxe5 59. Nxc5 $18) 57. Kf2 $2 (57. Rf6 $142 Rg8 58.
Qg7+ $8 $18) 57... Rg8 $8 58. Qh5 $1 c4 $2 (58... Qb8 59. Ng5 Rg6 60. Kf1 $18)
59. bxc4 (59. Ng5 $8 $18 Bd4+ 60. Kf1 $8) 59... Qb6+ 60. Re3 Qb2+ 61. Re2 Qf6+
62. Ke3 $2 (62. Qf3 $11) 62... Qc3+ $1 63. Kf4 Qxc4+ $17 (63... Qg3+ $142 64.
Ke4 (64. Kf5 Rg6 $8 $19) 64... Rg4+ $19) 64. Re4 Qf1+ 65. Qf3 Qg1 $1 66. Re2
Qg6 67. Qh3 Qf6+ 68. Qf5 Qh4+ 69. Ke3 Rg3+ 70. Kd2 Qb4+ 71. Kd1 Rg1+ 0-1